1053 1843 1151 1141 1417 1730 1744 1131 1688 1150 1209 1173 1046 1859 1156 1372 1275 1967 1656 1686 1093 1868 1500 1552 1355 1587 1878 1747 1925 1936 1382 1290 1522 1083 1364 1251 1185 1296 1119 1872 1551 1038 1218 1352 1389 1223 1595 1428 1771 1294 1280 1593 1665 1150 1738 1257 1481 1717 1079 1841 1356 1240 1577 1067 1179 1482 1907 1926 1965 1354 1098 1992 1908 1277 1777 1456 1182 1083 1364 1106 1512 1003 1664 1990 1005 1332 1957 1683 1030 1852 1078 1940 1002 1019 1174 1910 1715 1105 1843 BCNSPRNW ULIB Ver.6.0+V

เปลี่ยนเป็นภาษาไทย

Change to English
 แสดงรายละเอียดบรรณานุกรม
  กลับหน้าหลัก

Brief Record : Get Marc (ISO 2709) : E-mail record : QR code < ปิดหน้าต่าง
LEADER : 00000nam 2200000uu 4500
001    13399125058
003     ULIB
008    160608s2558||||th 000 0 tha d
020    ^a9786162797002
060 04 ^aWL400^bข979
245 00 ^aไขสันหลังบาดเจ็บ /^bกิ่งแก้ว ปาจรีย์, บรรณาธิการ
250    ^a440 หน้า
260    ^aกรุงเทพฯ : ^bสำนักพิมพ์ศิริราช คณะแพทยศาสตร์ศิริราชพยาบาล มหาวิทยาลัยมหิดล,^c2558
650  4 ^aกระดูกโรค^xโรค^xการรักษา
650  0 ^aกระดูกสันหลัง-ความผิดปกติ
650  0 ^aไขสันหลังบาดเจ็บ
945    ^p370^l0^i001198
945    ^p370^l0^i001199
945    ^p370^l0^i001200
945    ^p370^l0^i001201
945    ^p370^l0^i001202
945    ^p370^l0^i001203
945    ^p370^l0^i001204
945    ^p370^l0^i001205
945    ^p370^l0^i001211
945    ^p370^l0^i001212
999    ^aเกษร โพธิ์สุวรรณ
รายการนี้ยังไม่มีแท็ก
คุณยังไม่ได้ล็อกอิน คุณสามารถมีกิจกรรมร่วมกับเว็บไซต์ได้ แต่ต้องล็อกอินก่อน ::
  ล็อกอิน

รายการสื่อสารสนเทศ

ลำดับที่ ประเภท เลขเรียก/บาร์โค้ด สถานที่ สถานะ
1. วิทยาศาสตร์การแพทย์ และสุขภาพ
วิทยาศาสตร์การแพทย์ และสุขภาพ
สถานะ=หนังสือเก่า
WL400 ข979 ฉ.1 
  Barcode: 001198
ห้องสมุดวิทยาเขตสวรรค์ประชารักษ์
►ส่วนจัดเก็บหนังสือเก่า สปร
บนชั้น
  ขอยืม
2. วิทยาศาสตร์การแพทย์ และสุขภาพ
วิทยาศาสตร์การแพทย์ และสุขภาพ
สถานะ=หนังสือเก่า
WL400 ข979 ฉ.10 
  Barcode: 001212
ห้องสมุดวิทยาเขตสวรรค์ประชารักษ์
►ส่วนจัดเก็บหนังสือเก่า สปร
บนชั้น
  ขอยืม
3. วิทยาศาสตร์การแพทย์ และสุขภาพ
วิทยาศาสตร์การแพทย์ และสุขภาพ
สถานะ=หนังสือเก่า
WL400 ข979 ฉ.2 
  Barcode: 001199
ห้องสมุดวิทยาเขตสวรรค์ประชารักษ์
►ส่วนจัดเก็บหนังสือเก่า สปร
บนชั้น
  ขอยืม
4. วิทยาศาสตร์การแพทย์ และสุขภาพ
วิทยาศาสตร์การแพทย์ และสุขภาพ
สถานะ=หนังสือเก่า
WL400 ข979 ฉ.3 
  Barcode: 001200
ห้องสมุดวิทยาเขตสวรรค์ประชารักษ์
►ส่วนจัดเก็บหนังสือเก่า สปร
บนชั้น
  ขอยืม
5. วิทยาศาสตร์การแพทย์ และสุขภาพ
วิทยาศาสตร์การแพทย์ และสุขภาพ
สถานะ=หนังสือเก่า
WL400 ข979 ฉ.4 
  Barcode: 001201
ห้องสมุดวิทยาเขตสวรรค์ประชารักษ์
►ส่วนจัดเก็บหนังสือเก่า สปร
บนชั้น
  ขอยืม
6. วิทยาศาสตร์การแพทย์ และสุขภาพ
วิทยาศาสตร์การแพทย์ และสุขภาพ
สถานะ=หนังสือเก่า
WL400 ข979 ฉ.5 
  Barcode: 001202
ห้องสมุดวิทยาเขตสวรรค์ประชารักษ์
►ส่วนจัดเก็บหนังสือเก่า สปร
บนชั้น
  ขอยืม
7. วิทยาศาสตร์การแพทย์ และสุขภาพ
วิทยาศาสตร์การแพทย์ และสุขภาพ
สถานะ=หนังสือเก่า
WL400 ข979 ฉ.6 
  Barcode: 001203
ห้องสมุดวิทยาเขตสวรรค์ประชารักษ์
►ส่วนจัดเก็บหนังสือเก่า สปร
บนชั้น
  ขอยืม
8. วิทยาศาสตร์การแพทย์ และสุขภาพ
วิทยาศาสตร์การแพทย์ และสุขภาพ
สถานะ=หนังสือเก่า
WL400 ข979 ฉ.7 
  Barcode: 001204
ห้องสมุดวิทยาเขตสวรรค์ประชารักษ์
►ส่วนจัดเก็บหนังสือเก่า สปร
บนชั้น
  ขอยืม
9. วิทยาศาสตร์การแพทย์ และสุขภาพ
วิทยาศาสตร์การแพทย์ และสุขภาพ
สถานะ=หนังสือเก่า
WL400 ข979 ฉ.8 
  Barcode: 001205
ห้องสมุดวิทยาเขตสวรรค์ประชารักษ์
►ส่วนจัดเก็บหนังสือเก่า สปร
บนชั้น
  ขอยืม
10. วิทยาศาสตร์การแพทย์ และสุขภาพ
วิทยาศาสตร์การแพทย์ และสุขภาพ
WL400 ข979 ฉ.9 
  Barcode: 001211
ห้องสมุดวิทยาเขตสวรรค์ประชารักษ์
►หนังสือทั่วไป
ถูกยืม กำหนดส่งวันที่ 15 พฤษภาคม 2569
  จอง

รายการใกล้เคียง
    หัวเรื่อง [กระดูกสันหลัง-ความผิดปกติ]
    หัวเรื่อง [ไขสันหลังบาดเจ็บ]

BibComment


ยังไม่เคยถูกคอมเมนท์

คอมเมนท์ทรัพยากรรายการนี้
  คอมเมนท์: ไขสันหลังบาดเจ็บ..


 Copyright 2026. Bcnsprnw @Library